Library of the University of Algiers 3
Ibrahim Sultan Cheibout
شعار جامعة الجزائر 3
مكتبة جامعة الجزائر 3
إبراهيم سلطان شيبوط

التمويل والإدارة المالية للمؤسسات / (رقم التسجيلة. 43193)

تفاصيل مارك
000 -LEADER
fixed length control field 01056nam a2200217Ia 4500
003 - CONTROL NUMBER IDENTIFIER
control field Ost
005 - DATE AND TIME OF LATEST TRANSACTION
control field 20260507075129.0
008 - FIXED-LENGTH DATA ELEMENTS--GENERAL INFORMATION
fixed length control field 260507s9999||||xx |||||||||||||| ||und||
040 ## - CATALOGING SOURCE
Transcribing agency fsecg
041 ## - LANGUAGE CODE
Language code of text/sound track or separate title ara
082 ## - DEWEY DECIMAL CLASSIFICATION NUMBER
Classification number 330
100 ## - MAIN ENTRY--PERSONAL NAME
Personal name أندوراس، عاطف وليم
Relator term مؤلف
245 #0 - TITLE STATEMENT
Title التمويل والإدارة المالية للمؤسسات /
Statement of responsibility, etc. عاطف وليم أندوراس
260 ## - PUBLICATION, DISTRIBUTION, ETC.
Place of publication, distribution, etc. الإسكندرية:
Name of publisher, distributor, etc. دار الفكر الجامعي,
Date of publication, distribution, etc. 2006
300 ## - PHYSICAL DESCRIPTION
Extent 442 صفحة؛
Other physical details إيضاحات ؛
Dimensions 24 سم
520 ## - SUMMARY, ETC.
Summary, etc. مفاهيم عامة في التمويل والإدارة المالية- القوائم المالية والتحليل المالي- التخطيط والتنبؤ المالي- إدارة رأس المال العامل- الموازنة الرأسمالية وتقييم القرارات الإستثمارية- مصادر التمويل وتكلفة الأموال.
653 ## - INDEX TERM--UNCONTROLLED
Uncontrolled term الإدارة
653 ## - INDEX TERM--UNCONTROLLED
Uncontrolled term التمويل
653 ## - INDEX TERM--UNCONTROLLED
Uncontrolled term المؤسسات المالية
942 ## - ADDED ENTRY ELEMENTS (KOHA)
Koha item type كتب

لا توجد مواد متاحة.

موارد الويب المفتوحة


© University of Algiers 3 All Rights Reserved
|
Implemented by LECHELAH Riad